|
|
|
|
| LEADER |
04263njm a2201141 a 4500 |
| 001 |
000161765 |
| 003 |
CZ BrMZK |
| 005 |
20201119152315.0 |
| 008 |
010907s1996 xr f cze d |
| 028 |
0 |
1 |
|a 410110-2431
|b Edit
|
| 040 |
|
|
|a BOA001
|b cze
|
| 080 |
|
|
|a 788.085.2(086.7)
|2 MRF
|
| 110 |
2 |
|
|a Moravanka Jana Slabáka (hudební skupina)
|7 ko2002149898
|
| 245 |
1 |
0 |
|a 25 let Moravanky
|h [zvukový záznam] /
|c Moravanka Jana Slabáka.
|
| 246 |
3 |
3 |
|a Kdeže si Anička
|
| 246 |
3 |
3 |
|a Když sem já šel kolem panské zahrady
|
| 246 |
3 |
3 |
|a Lapašskí mládenci
|
| 246 |
3 |
3 |
|a Morava - krásná zem
|
| 246 |
3 |
3 |
|a Nedaleko od Kyjova
|
| 246 |
3 |
3 |
|a Neviem, neviem
|
| 246 |
3 |
3 |
|a Náno, Náno
|
| 246 |
3 |
3 |
|a Od Záhora
|
| 246 |
3 |
3 |
|a Polka bez kapelníka
|
| 246 |
3 |
3 |
|a Polky pro Moravanku 1
|
| 246 |
3 |
3 |
|a Polky pro Moravanku 2
|
| 246 |
3 |
3 |
|a Polky pro holky
|
| 246 |
3 |
3 |
|a Přespolňáci
|
| 246 |
3 |
3 |
|a Seděla sem, viděla sem
|
| 246 |
3 |
3 |
|a Si moja milá
|
| 246 |
3 |
3 |
|a Také sa mi dívča páčí
|
| 246 |
3 |
3 |
|a Trenčianskú dolinú
|
| 246 |
3 |
3 |
|a Ty kyjovský purkmistře
|
| 246 |
3 |
3 |
|a Ty to víš
|
| 246 |
3 |
3 |
|a Vydala ma mamka
|
| 246 |
3 |
3 |
|a Včera z večera
|
| 246 |
3 |
3 |
|a Za Gajary
|
| 246 |
3 |
3 |
|a Zasadil sem čerešenku v humně
|
| 246 |
3 |
3 |
|a Zelené háje
|
| 246 |
3 |
3 |
|a Zůstaň tu s námi
|
| 246 |
3 |
3 |
|a Čtyři páry bílejch koní
|
| 246 |
3 |
|
|a Dvacet pět let Moravanky
|
| 246 |
3 |
2 |
|a Ach, Bože, lásko
|
| 246 |
3 |
3 |
|a Ale ne
|
| 246 |
3 |
3 |
|a Až já budu rukovat
|
| 246 |
3 |
3 |
|a Až, až, až
|
| 246 |
3 |
3 |
|a Boršická polka
|
| 246 |
3 |
3 |
|a Cukor jedla, kávu pila
|
| 246 |
3 |
3 |
|a Dobrú noc, milko má
|
| 246 |
3 |
3 |
|a Dolina, dolina
|
| 246 |
3 |
3 |
|a Fůra slámy
|
| 246 |
3 |
3 |
|a Hajá, hajá
|
| 246 |
3 |
3 |
|a Hej, panímámo
|
| 246 |
3 |
3 |
|a Hezky od podlahy
|
| 246 |
3 |
3 |
|a Horela lipka
|
| 246 |
3 |
3 |
|a Hrajte, já ráda tancuju
|
| 246 |
3 |
3 |
|a Hů a hů
|
| 246 |
3 |
3 |
|a Jana
|
| 246 |
3 |
3 |
|a Jetelíček u vody
|
| 246 |
3 |
3 |
|a Jásavá
|
| 246 |
3 |
3 |
|a Kamarádi moji milí
|
| 246 |
3 |
3 |
|a Každú jeseň chlapci rukujú
|
| 260 |
|
|
|a Praha :
|b Edit,
|c p1996
|
| 300 |
|
|
|a 1 CD :
|b ADD ;
|c 12 cm +
|e 1 složený list.
|
| 306 |
|
|
|a 010322
|
| 500 |
|
|
|a Nahr. neuv
|
| 500 |
|
|
|a Durata 63:22
|
| 500 |
|
|
|a Text v doprovod. mater. souběž. něm.
|
| 505 |
2 |
|
|a Boršická polka, Morava - krásná zem, Ty kyjovský purkmistře ... [et al.]
|
| 511 |
0 |
|
|a Břetislav Osička, zpěv; František Uher, zpěv; Ivana Slabáková, zpěv; Daniela Češková, zpěv
|
| 653 |
0 |
|
|a dechový orchestr
|a polky
|a písně s dechovým orchestrem
|
| 700 |
1 |
|
|a Řepa, Josef,
|d 1909-1978
|7 mzk2005280283
|4 cmp
|4 lyr
|
| 700 |
1 |
|
|a Osička, Břetislav,
|d 1963-
|7 mzk2006348653
|4 prf
|
| 700 |
1 |
|
|a Slabáková, Ivana,
|d 1950-
|7 mzk2005299311
|4 prf
|
| 700 |
1 |
|
|a Uher, František,
|d 1964-
|7 jx20041004020
|4 prf
|
| 700 |
1 |
|
|a Češková, Daniela
|7 ola2007365173
|4 prf
|
| 700 |
1 |
|
|a Beneš, Jára,
|d 1897-1949
|7 jn19990209042
|4 cmp
|
| 700 |
1 |
|
|a Bláha, Václav,
|d 1901-1959
|7 jo20010086360
|4 cmp
|4 lyr
|
| 700 |
1 |
|
|a Bárta, Miloš
|7 ola2002158823
|4 lyr
|
| 700 |
1 |
|
|a Hnátek, Vladimír,
|d 1927-2008
|7 mzk2005280282
|4 cmp
|4 lyr
|
| 700 |
1 |
|
|a Jacura, Ladislav,
|d 1913-2004
|7 jk01050594
|4 lyr
|
| 700 |
1 |
|
|a Jankovec, Jaroslav,
|d 1896-1961
|7 jn20000401191
|4 cmp
|
| 700 |
1 |
|
|a Jaroš, Miroslav
|7 jx20040423013
|4 lyr
|
| 700 |
1 |
|
|a Kůda, František
|7 mzk2015878648
|4 cmp
|4 lyr
|
| 700 |
1 |
|
|a Šesták, Jaroslav,
|d 1917-2003
|7 mzk2002113565
|4 cmp
|4 lyr
|
| 700 |
1 |
|
|a Melíšek, Karel,
|d 1903-1942
|7 jk01081151
|4 lyr
|
| 700 |
1 |
|
|a Mottl, Jaroslav,
|d 1900-1986
|7 jk01082158
|4 lyr
|
| 700 |
1 |
|
|a Paul, František,
|d 1898-1976
|7 jk01091959
|4 lyr
|
| 700 |
1 |
|
|a Petr, Ferdinand,
|d 1911-1968
|7 ola2008474784
|4 cmp
|
| 700 |
1 |
|
|a Poncar, Josef,
|d 1902-1986
|7 jn20000620287
|4 cmp
|
| 700 |
1 |
|
|a Slabák, Jan,
|d 1941-
|7 jn20000710536
|4 cmp
|4 lyr
|4 cnd
|
| 700 |
1 |
|
|a Vacek, Karel,
|d 1902-1982
|7 jk01140977
|4 cmp
|4 lyr
|
| 700 |
1 |
|
|a Vejvoda, Jaromír,
|d 1902-1988
|7 jn19990209983
|4 cmp
|4 lyr
|
| 700 |
1 |
|
|a Zeman, Jiří
|7 mzk2010605037
|4 lyr
|
| 700 |
1 |
|
|a Zeman, Vašek,
|d 1909-1987
|7 jx20040920001
|4 lyr
|
| 910 |
|
|
|a BOA001
|b CD-0004.450
|
| 964 |
|
|
|a Orchestr dechový
|x CD
|
| 990 |
|
|
|a AV
|
| 996 |
6 |
|
|b 261H004514
|c CD-0004.450
|l MZK
|r Sklad / do 24 hodin
|n 1
|p p.v.
|w 000161765
|u 000010
|a 1
|e BOA001
|j MZK50
|s P
|